[Event "ch-VIE Women 2012"]
[Site "Can Tho VIE"]
[Date "2012.03.20"]
[Round "3"]
[White "Le,Thi Thu Huong"]
[Black "Tran,Thi Mong Thu"]
[Result "1-0"]
[WhiteElo "2017"]
[BlackElo "1826"]

1.d4 d5 2.c4 c6 3.Nc3 Nf6 4.Nf3 e6 5.e3 Be7 6.Qc2 O-O 7.cxd5 exd5 8.Bd3 Re8
9.O-O Nbd7 10.Rb1 a6 11.b4 Nf8 12.a4 Bd6 13.e4 dxe4 14.Nxe4 Bg4 15.Nxf6+ Qxf6
16.Bg5 Qe6 17.Rfe1 Qd7 18.Ne5 Bxe5 19.dxe5 Ng6 20.h3 h6 21.Bxg6 fxg6 22.hxg4 hxg5
23.Qxg6 Qxg4 24.e6 Qf4 25.Rb3 Qf6 26.Qe4 g6 27.Rf3 Qg7 28.Rf7 Qh6 29.Re3 Qh5
30.Qe5  1-0

[Event "13th EICC"]
[Site "Plovdiv BUL"]
[Date "2012.03.20"]
[Round "1.65"]
[White "Schachinger,M"]
[Black "Mastrovasilis,D"]
[Result "1/2-1/2"]
[WhiteElo "2391"]
[BlackElo "2631"]

1.Nf3 d5 2.d4 Nf6 3.c4 e6 4.Nc3 c6 5.e3 Nbd7 6.Qc2 b6 7.Bd3 Bb7 8.O-O Be7
9.b3 O-O 10.Bb2 h6 11.Rfd1 Qc7 12.Rac1 Rac8 13.Ne5 Qb8 14.Qe2 Rfd8 15.f4 c5
16.cxd5 Nxd5 17.Nxd5 Bxd5 18.Nxd7 Rxd7 19.e4 Bb7 20.f5 exf5 21.e5 Bg5 22.Bxf5 Bxc1
23.Bxd7 Bxb2 24.Qxb2 Rc7 25.e6 Bd5 26.dxc5 fxe6 27.Qe5 bxc5 28.Bxe6+ Bxe6
29.Qxe6+ Kh8 30.Qd6 Qb6 31.Qf8+ Kh7 32.Rd6 Rc6 33.Qf5+ Kh8 34.Qf8+ Kh7 35.Qf5+ Kh8
36.Qf8+ Kh7  1/2-1/2

[Event "13th EICC"]
[Site "Plovdiv BUL"]
[Date "2012.03.20"]
[Round "1.82"]
[White "Howell,D"]
[Black "Pavlidis,Ana"]
[Result "1-0"]
[WhiteElo "2614"]
[BlackElo "2363"]

1.d4 d5 2.c4 c6 3.Nc3 Nf6 4.e3 e6 5.Nf3 Nbd7 6.Qc2 Bd6 7.Be2 O-O 8.O-O dxc4
9.Bxc4 a6 10.Rd1 Qc7 11.Ne4 Nxe4 12.Qxe4 e5 13.Qh4 h6 14.e4 exd4 15.Bxh6 gxh6
16.Qxh6 Ne5 17.Ng5 Rd8 18.Bb3 b5 19.Rd3 Nc4 20.Nh7 Bxh2+ 21.Kh1 Rd6 22.Qxh2 Qe7
23.Bxc4 bxc4 24.Rg3+ Rg6 25.e5 Qd8 26.Qh6 Bf5 27.Nf6+ Qxf6 28.exf6  1-0

[Event "13th EICC"]
[Site "Plovdiv BUL"]
[Date "2012.03.20"]
[Round "1.42"]
[White "Ragger,M"]
[Black "Valsecchi,A"]
[Result "1-0"]
[WhiteElo "2654"]
[BlackElo "2429"]

1.Nf3 d5 2.d4 Nf6 3.c4 e6 4.Nc3 c6 5.e3 Nbd7 6.Qc2 Bd6 7.Bd3 O-O 8.O-O dxc4
9.Bxc4 b5 10.Be2 Bb7 11.Rd1 Qb8 12.e4 e5 13.dxe5 Nxe5 14.Nd4 Ng6 15.g3 Re8
16.Bg5 Be5 17.Nf5 h6 18.Bxf6 Bxf6 19.f4 Bd8 20.Nd6 Bb6+ 21.Kg2 Rf8 22.Bf3 a6
23.e5 Ra7 24.e6 Ne7 25.exf7+ Kh8 26.f5 Ba8 27.f6 gxf6 28.Nce4 Nd5 29.Rxd5 cxd5
30.Ng5 hxg5 31.Qg6 Raxf7 32.Nxf7+ Rxf7 33.Qxf7 Qe5 34.Kh3 Bc6 35.Rc1 Be8
36.Qxd5 g4+ 37.Kxg4 Bd7+ 38.Qxd7 Qg5+ 39.Kh3 Qh6+ 40.Kg2 Qxc1 41.Qe8+ Kg7
42.Qe7+ Kg6 43.Be4+ f5 44.Qe6+ Kg7 45.Qe5+  1-0

[Event "13th EICC"]
[Site "Plovdiv BUL"]
[Date "2012.03.21"]
[Round "2.24"]
[White "Szabo,G ROM"]
[Black "Ragger,M"]
[Result "1/2-1/2"]
[WhiteElo "2553"]
[BlackElo "2654"]

1.c4 e6 2.Nc3 d5 3.d4 c6 4.e3 Nf6 5.Nf3 Nbd7 6.Qc2 Bd6 7.Bd3 O-O 8.O-O dxc4
9.Bxc4 b5 10.Be2 Bb7 11.Rd1 Qc7 12.Bd2 a6 13.b4 e5 14.Bd3 Rfe8 15.Ne4 Nxe4
16.Bxe4 Nf6 17.dxe5 Nxe4 18.Qxe4 Bxe5 19.Nxe5 c5 20.Qg4 Qxe5 21.bxc5 Qxc5
22.Rac1 Qb6 23.Bc3 Qg6 24.Qxg6 hxg6 25.Rd7 Bc8 26.Rc7 Be6 27.a3 Rec8 28.Rxc8+ Rxc8
29.f3 a5 30.Bd2 Rxc1+ 31.Bxc1 b4 32.axb4 axb4 33.e4 f6 34.Kf2 g5 35.g3 Kf7
36.Ke3 b3 37.f4 gxf4+ 38.gxf4 f5 39.exf5 Bxf5 40.Bb2 g6 41.h4  1/2-1/2

[Event "13th EICC"]
[Site "Plovdiv BUL"]
[Date "2012.03.21"]
[Round "2.152"]
[White "Fedorovsky,M"]
[Black "Blaushtain,B"]
[Result "1-0"]
[WhiteElo "2395"]
[BlackElo "2105"]

1.Nf3 Nf6 2.d4 e6 3.c4 d5 4.Nc3 c6 5.e3 Bd6 6.Qc2 Nbd7 7.Bd3 h6 8.O-O O-O
9.b3 dxc4 10.bxc4 e5 11.Bb2 Qe7 12.Nh4 Nb8 13.Nf5 Bxf5 14.Bxf5 Re8 15.Ne4 Nxe4
16.Qxe4 exd4 17.Qxd4 f6 18.Qg4 Rd8 19.Rad1 Na6 20.Qg6 Qf7 21.Qg4 Qe7 22.Rd4 Be5
23.Re4 Qc7 24.Qg6 Bxb2 25.Qh7+ Kf8 26.Bg6 Be5 27.f4 Nc5 28.fxe5 Nxe4 29.Qh8+ Ke7
30.Qxg7+  1-0

[Event "13th EICC"]
[Site "Plovdiv BUL"]
[Date "2012.03.21"]
[Round "2.39"]
[White "Melkumyan,H"]
[Black "Benidze,D"]
[Result "1-0"]
[WhiteElo "2628"]
[BlackElo "2530"]

1.d4 Nf6 2.c4 e6 3.Nc3 d5 4.Nf3 c6 5.e3 Nbd7 6.Qc2 dxc4 7.Bxc4 b5 8.Bd3 Bb7
9.O-O a6 10.a4 b4 11.Ne4 c5 12.Nxf6+ Nxf6 13.dxc5 Bxc5 14.e4 Rc8 15.Qe2 Ng4
16.h3 Nxf2 17.Rxf2 Bxf2+ 18.Kxf2 O-O 19.Kg1 Qd7 20.Bg5 h6 21.Bh4 Rc6 22.Bc4 Rfc8
23.b3 Qc7 24.Rc1 Qf4 25.Re1 Qc7 26.Bf2 Rxc4 27.Qxc4 Qxc4 28.bxc4 Rxc4 29.Nd4 e5
30.Nb3 Rc3 31.Nc5 Bc6 32.a5 Ra3 33.Rb1 Rxa5 34.Rxb4 Ra1+ 35.Kh2 Bb5 36.Rb2 Rd1
37.Ra2 Rd6 38.Rc2 Kh7 39.Bg3 f6 40.Bf2 Kg6 41.Kg3 Bc6 42.Be3 Bb5 43.Kf3 Rd1
44.Ra2 Rd6 45.Ra1 Kf7 46.g4 Kg6 47.Rg1 Kf7 48.h4 Kg6 49.h5+ Kf7 50.Rc1 Rd8
51.Nb7 Rd7 52.Na5 Ba4 53.Ke2 Bb5+ 54.Kf2 Ba4 55.Nc4 Bd1 56.Nb6 Rd6 57.Rc7+ Kg8
58.Kg3 Rd3 59.Nd5 Kh8 60.Kh4  1-0

[Event "ch-VIE Women 2012"]
[Site "Can Tho VIE"]
[Date "2012.03.22"]
[Round "6"]
[White "Nguyen,Thi Thuy Trien"]
[Black "Le,Thi Thu Huong"]
[Result "1-0"]
[WhiteElo "1936"]
[BlackElo "2017"]

1.d4 d5 2.c4 e6 3.Nc3 Nf6 4.Nf3 c6 5.e3 Be7 6.Be2 O-O 7.O-O Nbd7 8.b3 b6
9.Qc2 Bb7 10.Ne5 c5 11.Rd1 cxd4 12.exd4 Rc8 13.Bf3 Nxe5 14.dxe5 Nd7 15.Qe2 Qc7
16.Bf4 a6 17.Nxd5 exd5 18.cxd5 Bc5 19.Rac1 Qb8 20.Rc4 Qa7 21.Bg4 Rcd8 22.Bf5 Nxe5
23.Bxe5 Bxd5 24.Bxh7+ Kxh7 25.Qh5+ Kg8 26.Bxg7 f5 27.Qh8+ Kf7 28.Bxf8 Bxf8
29.Qh7+ Bg7 30.Qxf5+ Kg8 31.Rxd5 Re8  1-0

[Event "13th EICC"]
[Site "Plovdiv BUL"]
[Date "2012.03.22"]
[Round "3.92"]
[White "Kuljasevic,D"]
[Black "Erturan,Y"]
[Result "1-0"]
[WhiteElo "2580"]
[BlackElo "2370"]

1.d4 d5 2.c4 c6 3.Nc3 Nf6 4.e3 e6 5.Nf3 a6 6.b3 c5 7.cxd5 Nxd5 8.Nxd5 exd5
9.Be2 Nc6 10.O-O cxd4 11.Nxd4 Be7 12.Bb2 O-O 13.Rc1 Qa5 14.Nxc6 bxc6 15.Rxc6 Bb7
16.Qd4 f6 17.Qb6 Qxa2 18.Rc2 Rac8 19.Qe6+ Kh8 20.Qxe7  1-0

[Event "13th EICC"]
[Site "Plovdiv BUL"]
[Date "2012.03.22"]
[Round "3.115"]
[White "Soffer,R"]
[Black "Xylogiannopoulos,A"]
[Result "1-0"]
[WhiteElo "2492"]
[BlackElo "2104"]

1.c4 c6 2.Nf3 d5 3.e3 Nf6 4.Nc3 e6 5.d4 Nbd7 6.Bd3 dxc4 7.Bxc4 b5 8.Be2 Bb7
9.O-O a6 10.e4 c5 11.e5 Nd5 12.a4 b4 13.Ne4 Rc8 14.Bg5 Qb6 15.a5 Qa7 16.Re1 cxd4
17.Bf1 Bc5 18.Nxc5 Nxc5 19.Qxd4 Qb8 20.Nd2 O-O 21.Rac1 Nd7 22.Nc4 Rc6 23.Nd6 Nxe5
24.Nxb7 Qxb7 25.Qxe5 f6 26.Qe4 fxg5 27.Rxc6 Qxc6 28.Qxe6+ Qxe6 29.Rxe6 Rf6
30.Rxf6 Nxf6 31.Bxa6 Ne8 32.Bc4+ Kf8 33.a6 Nc7 34.a7 Ke7 35.Bd5  1-0

[Event "13th EICC"]
[Site "Plovdiv BUL"]
[Date "2012.03.22"]
[Round "3.71"]
[White "Gabuzyan,H"]
[Black "Potkin,V"]
[Result "1/2-1/2"]
[WhiteElo "2441"]
[BlackElo "2669"]

1.Nf3 d5 2.c4 c6 3.e3 Nf6 4.Nc3 e6 5.d4 Nbd7 6.Qc2 b6 7.Be2 Bb7 8.O-O Be7
9.Rd1 O-O 10.b3 Rc8 11.Bb2 Qc7 12.e4 dxe4 13.Nxe4 Nxe4 14.Qxe4 c5 15.Qe3 Nf6
16.h3 Rfd8 17.Ne5 cxd4 18.Bxd4 Ne4 19.Nf3 h6 20.Bd3 f5 21.Bxe4 Bxe4 22.Qc3 Bf8
23.a4 Qb7 24.Ne5 Bd6 25.f3 Bc6 26.Qe3 Be8 27.Kh1 Kh7 28.Nd3 Bf7 29.Be5 Bf8
30.Bc3 Qc7 31.a5 Qb7 32.Ne5 Be8 33.Rxd8 Rxd8 34.Bd4 Rb8 35.axb6 axb6 36.Nd3 Bf7
37.Qe5 Rd8 38.Nf4 Rd6 39.Bc3 Rc6 40.Bd4 Rd6 41.Kh2 Rd7 42.Ra2 Bg8 43.Qe3 Rxd4
44.Qxd4 Qb8 45.g3 e5 46.Qd7 exf4 47.Qxf5+ Kh8 48.Qxf4 Bd6 49.Qg4 b5 50.h4 bxc4
51.bxc4 Bc5 52.Qe4 Bd6 53.f4 Qb6 54.Kg2 Bf8 55.Ra8 Qc5 56.Kh3 Qd6 57.Qf5 Qd1
58.Qxf8 Qf1+ 59.Kg4 Qe2+ 60.Kh3  1/2-1/2

[Event "TCh-NED Meesterklasse 2011-12"]
[Site "Netherlands NED"]
[Date "2012.03.23"]
[Round "8.7"]
[White "Heemskerk,W"]
[Black "Kuijf,R"]
[Result "1/2-1/2"]
[WhiteElo "2280"]
[BlackElo "2423"]

1.c4 e6 2.Nf3 d5 3.d4 c6 4.e3 Nf6 5.Nc3 Nbd7 6.Bd3 dxc4 7.Bxc4 b5 8.Bd3 Bb7
9.O-O a6 10.e4 c5 11.d5 c4 12.Bc2 Qc7 13.Qe2 Bd6 14.Bg5 O-O 15.Bxf6 gxf6
16.e5 Nxe5 17.Nxe5 Bxe5 18.Bxh7+ Kxh7 19.Qh5+  1/2-1/2

[Event "13th EICC"]
[Site "Plovdiv BUL"]
[Date "2012.03.23"]
[Round "4.45"]
[White "Roiz,M"]
[Black "Miron,L"]
[Result "1/2-1/2"]
[WhiteElo "2652"]
[BlackElo "2518"]

1.c4 e6 2.d4 d5 3.Nc3 c6 4.e3 Nf6 5.Nf3 Nbd7 6.Qc2 Bd6 7.Bd3 O-O 8.O-O dxc4
9.Bxc4 b5 10.Be2 Bb7 11.Rd1 Qc7 12.e4 e5 13.Bg5 exd4 14.Rxd4 Ne5 15.h3 Nxf3+
16.Bxf3 Bh2+ 17.Kh1 Be5 18.Bxf6 gxf6 19.Rdd1 Rad8 20.Bg4 Rxd1+ 21.Rxd1 Rd8
22.Bf5 h6 23.g3 Kg7 24.Kg2 Rxd1 25.Qxd1 Bxc3 26.bxc3 c5 27.Qg4+ Kh8 28.Qh4 Kg7
29.Qg4+ Kh8 30.Qh4 Kg7 31.Qg4+  1/2-1/2

[Event "13th EICC"]
[Site "Plovdiv BUL"]
[Date "2012.03.23"]
[Round "4.12"]
[White "Lupulescu,C"]
[Black "Inarkiev,E"]
[Result "1/2-1/2"]
[WhiteElo "2616"]
[BlackElo "2695"]

1.d4 d5 2.c4 c6 3.Nc3 Nf6 4.e3 e6 5.Nf3 Nbd7 6.Bd3 dxc4 7.Bxc4 b5 8.Bd3 Bd6
9.O-O O-O 10.b3 Bb7 11.Bb2 b4 12.Ne4 Nxe4 13.Bxe4 Nf6 14.Bc2 c5 15.dxc5 Bxc5
16.Ng5 Qxd1 17.Rfxd1 Be7 18.Nxh7 Nxh7 19.Bxh7+ Kxh7 20.Rd7 Bxg2 21.Kxg2 Bh4
22.Be5 a5 23.Rad1 Rfd8 24.Kf3 Rxd7 25.Rxd7 f6 26.Bd6 Kg6 27.Rc7 f5 28.Be5 Bf6
29.Rc5 Bxe5 30.Rxe5 Kf6 31.Rb5 g6 32.h4 Ra7 33.Kf4 Rh7 34.Kg3 Ra7 35.f3 Ra8
36.Kf4 Rh8 37.Kg3 Ra8 38.e4 fxe4 39.fxe4 a4 40.Kg4 axb3 41.axb3 Ra1 42.e5+ Kg7
43.Rxb4 Re1 44.Kf4 Rh1 45.Kf3 Rh3+ 46.Ke2 g5 47.hxg5  1/2-1/2

[Event "13th EICC"]
[Site "Plovdiv BUL"]
[Date "2012.03.23"]
[Round "4.47"]
[White "Sebenik,M"]
[Black "Ivanisevic,I"]
[Result "1/2-1/2"]
[WhiteElo "2529"]
[BlackElo "2645"]

1.Nf3 d5 2.d4 Nf6 3.c4 c6 4.Nc3 e6 5.e3 Nbd7 6.Qc2 Bd6 7.Bd3 O-O 8.O-O dxc4
9.Bxc4 a6 10.Rd1 b5 11.Be2 Qc7 12.Ne4 Nxe4 13.Qxe4 Bb7 14.Qh4 c5 15.dxc5 Nxc5
16.Bd2 Bd5 17.Rac1 Qe7 18.Qxe7 Bxe7 19.Nd4 Rfc8 20.Bb4 Bf8 21.Bxc5 Bxc5 22.Bf3 Bxd4
23.Bxd5 Rxc1 24.Rxc1 Bxe3 25.Bxa8 Bxc1 26.b4 Bd2 27.a3 Bc1 28.Bb7 Bxa3 29.Bxa6 Bxb4
30.Bxb5 g5 31.g4 Kg7 32.Bd3 h6 33.Kg2 Kf6 34.Kf3 Ke5 35.h3 Bc5 36.Bb5 f5
37.Bc4 Kf6 38.Bd3 h5 39.gxf5 exf5 40.Kg2 g4 41.hxg4 fxg4 42.f3  1/2-1/2

[Event "13th EICC"]
[Site "Plovdiv BUL"]
[Date "2012.03.23"]
[Round "4.52"]
[White "Khmelniker,I"]
[Black "Khenkin,I"]
[Result "1/2-1/2"]
[WhiteElo "2523"]
[BlackElo "2632"]

1.d4 d5 2.Nf3 c6 3.c4 e6 4.e3 Nf6 5.Nc3 Nbd7 6.Qc2 b6 7.Bd3 Bb7 8.O-O Be7
9.b3 O-O 10.Bb2 Rc8 11.Rad1 c5 12.cxd5 exd5 13.Bf5 g6 14.Bh3 cxd4 15.Rxd4 Rc7
16.Qb1 a6 17.Rfd1 Nc5 18.g3 Ne6 19.R4d3 Nc5 20.Rd4 Ne6 21.R4d3 Nc5 22.Rd4  1/2-1/2

[Event "13th EICC"]
[Site "Plovdiv BUL"]
[Date "2012.03.23"]
[Round "4.80"]
[White "Istratescu,A"]
[Black "Pavlidis,Ant"]
[Result "1-0"]
[WhiteElo "2633"]
[BlackElo "2431"]

1.d4 d5 2.c4 c6 3.Nf3 Nf6 4.Nc3 e6 5.e3 Nbd7 6.Qc2 Bd6 7.Bd2 Qe7 8.O-O-O b6
9.e4 Nxe4 10.Nxe4 dxe4 11.Qxe4 Bb7 12.Bd3 f5 13.Qe2 O-O 14.Rhe1 Rae8 15.Ng5 e5
16.c5 bxc5 17.dxc5 Bc7 18.Bc4+ Kh8 19.Nxh7 Rg8 20.Bg5 Qxc5 21.Rxd7 Ba6 22.Nf6  1-0

[Event "13th EICC"]
[Site "Plovdiv BUL"]
[Date "2012.03.24"]
[Round "5.99"]
[White "Szabo,G ROM"]
[Black "Diermair,A"]
[Result "1-0"]
[WhiteElo "2553"]
[BlackElo "2416"]

1.c4 e6 2.d4 d5 3.Nf3 Nf6 4.Nc3 c6 5.e3 Nbd7 6.Qc2 Bd6 7.Bd2 O-O 8.Bd3 dxc4
9.Bxc4 a6 10.O-O c5 11.Bd3 h6 12.Rad1 Qc7 13.Ne4 Nxe4 14.Bxe4 Nf6 15.dxc5 Qxc5
16.Bc3 Be7 17.Ne5 Nd5 18.Bxd5 exd5 19.Nd3 Qc6 20.Nf4 Be6 21.Qd2 Rfd8 22.Rc1 Qd6
23.Nh5 f6 24.Qd3 Bf7 25.Ng3 Rac8 26.Nf5 Qd7 27.Ba5 Re8 28.a3 Bf8 29.Nd4 Rc4
30.Rcd1 Bc5 31.b3 Rxd4 32.exd4 Bd6 33.Bb4 Bb8 34.Rfe1 Be6 35.Rc1 Kf7 36.Qf3 Bg4
37.Qc3 Be6 38.Re2 h5 39.Rce1 g5 40.Qd3 Kg7 41.g3 Bc7 42.a4 Bd8 43.Qd2 Bc7
44.Re3 Kg6 45.Qe2 Bg4 46.f3 Rxe3 47.Qxe3 Bf5 48.Qe8+ Qxe8 49.Rxe8  1-0

[Event "13th EICC"]
[Site "Plovdiv BUL"]
[Date "2012.03.25"]
[Round "6.102"]
[White "Nedilko,V"]
[Black "Miron,L"]
[Result "1/2-1/2"]
[WhiteElo "2392"]
[BlackElo "2518"]

1.d4 d5 2.c4 e6 3.Nc3 c6 4.e3 Nf6 5.Nf3 Nbd7 6.Qc2 Bd6 7.Bd3 O-O 8.O-O dxc4
9.Bxc4 b5 10.Be2 Bb7 11.e4 e5 12.dxe5 Nxe5 13.Nh4 Bc8 14.g3 Re8 15.Bf4 Qb6
16.Be3 Qc7 17.Rac1 a6 18.Nd5 cxd5 19.Qxc7 Bxc7 20.Rxc7 dxe4 21.Bd4 Bh3 22.Rfc1 Rad8
23.Bxe5 Rxe5 24.Ng2 g5 25.Ne3 Re6 26.Bd1 Red6 27.Bb3 R8d7 28.R7c2 h6 29.a4 Rb7
30.Rc7 Rxc7 31.Rxc7 Bd7 32.a5 Kf8 33.Ra7 h5 34.h4 gxh4 35.gxh4 Ng4 36.Nf1 Nf6
37.Kg2 Be6 38.Bxe6 Rxe6 39.Ne3 Ne8 40.Kg3 Rf6 41.Nd5 Rf3+ 42.Kg2 Nf6  1/2-1/2

[Event "13th EICC"]
[Site "Plovdiv BUL"]
[Date "2012.03.25"]
[Round "6.32"]
[White "Damljanovic,B"]
[Black "Ivanisevic,I"]
[Result "0-1"]
[WhiteElo "2582"]
[BlackElo "2645"]

1.d4 d5 2.Nf3 Nf6 3.c4 c6 4.e3 e6 5.Nc3 Nbd7 6.Qc2 Bd6 7.Be2 O-O 8.O-O e5
9.cxd5 cxd5 10.dxe5 Nxe5 11.Rd1 Be6 12.Bd2 Rc8 13.Be1 a6 14.Rac1 b5 15.a3 Qb6
16.Qb1 Bb8 17.Nd4 Bd7 18.g3 Rfe8 19.Qa2 Qd6 20.Nf3 Ba7 21.Nd4 h5 22.b4 h4
23.a4 bxa4 24.Nf3 hxg3 25.hxg3 Nxf3+ 26.Bxf3 d4 27.exd4 Bxd4 28.Ne2 Rxc1
29.Rxc1 Bb6 30.Kg2 Ne4 31.Nf4 Bb5 32.Rd1 Qf6 33.Nd5 Bf1+  0-1

[Event "TCh-HUN 2011-12"]
[Site "Zalaegerszeg HUN"]
[Date "2012.03.25"]
[Round "8"]
[White "Csiszar,Z"]
[Black "Nagy,Danie"]
[Result "1/2-1/2"]
[WhiteElo "2272"]
[BlackElo "2241"]

1.d4 d5 2.c4 e6 3.Nc3 c6 4.e3 Nf6 5.Nf3 Nbd7 6.Qc2 Bd6 7.b3 O-O 8.Be2 b6
9.O-O Bb7 10.Bb2 Qe7 11.Rfe1 Rac8 12.Rad1 c5 13.Nb5 Bb8 14.dxc5 Nxc5 15.cxd5 Bxd5
16.Nc3 Bb7 17.Qb1 Rfd8  1/2-1/2

[Event "ch-VIE Women KO 2012"]
[Site "Can Tho VIE"]
[Date "2012.03.26"]
[Round "1.1"]
[White "Le,Thi Thu Huong"]
[Black "Nguyen Quynh Anh"]
[Result "0-1"]
[WhiteElo "2017"]
[BlackElo "2140"]

1.d4 d5 2.c4 e6 3.Nc3 c6 4.e3 Nf6 5.Nf3 Nbd7 6.Qc2 Bd6 7.b3 O-O 8.Bb2 Qe7
9.Bd3 Re8 10.cxd5 exd5 11.Nd2 Nf8 12.h3 Nh5 13.O-O-O b5 14.Kb1 a5 15.e4 b4
16.Na4 Nf4 17.e5 Bc7 18.g3 Nxd3 19.Qxd3 Ba6 20.Qe3 Nd7 21.Rc1 Bb5 22.f4 Nb6
23.Nc5 a4 24.Rcg1 Bd6 25.Nf3 Qa7 26.Qd2 Bf8 27.g4 axb3 28.axb3 Nd7 29.Nd3 c5
30.dxc5 Bxd3+ 31.Qxd3 Nxc5 32.Qxd5 Qa2+ 33.Kc2 Nxb3 34.Nd4 Na1+  0-1

[Event "ch-VIE Women KO 2012"]
[Site "Can Tho VIE"]
[Date "2012.03.27"]
[Round "2.1"]
[White "Le Thanh Tu"]
[Black "Nguyen Thi Mai Hung"]
[Result "1/2-1/2"]
[WhiteElo "2331"]
[BlackElo "2259"]

1.Nf3 d5 2.d4 c6 3.c4 Nf6 4.Nc3 e6 5.e3 Bd6 6.b3 Ne4 7.Bb2 Bb4 8.Qc2 Qa5
9.Rc1 Qxa2 10.Bd3 Bxc3+ 11.Bxc3 Qxc2 12.Rxc2 Nxc3 13.Rxc3 Nd7 14.c5 f6 15.O-O O-O
16.Ra1 a6 17.b4 Rb8 18.Nd2 Rf7 19.f3 Nf8 20.Nb3 Bd7 21.Kf2 Rd8 22.Re1 Bc8
23.Rc2 g5 24.Ra1 Kg7 25.Re1 Re7 26.Na5 Ree8 27.Nb3 e5 28.Rce2 Kf7 29.Bb1 h6
30.Bc2 Ne6 31.Bb1 Nc7 32.Bd3 e4 33.Bb1 Nb5 34.Rh1 Re7 35.Ree1 Kg7 36.h4 Rde8
37.fxe4 dxe4 38.Na5 Bf5 39.Ba2 Rd7 40.Rc1 Be6 41.Bxe6 Rxe6 42.Ke2 Ree7 43.hxg5 fxg5
44.Rhf1 Rf7 45.Kd2 h5 46.Nc4 Rde7 47.Ne5 Rxf1 48.Rxf1 Nc7 49.Rf5 Kh6 50.Rf6+ Kh7
51.Rf5  1/2-1/2

[Event "13th EICC"]
[Site "Plovdiv BUL"]
[Date "2012.03.27"]
[Round "7.107"]
[White "Pashikian,A"]
[Black "Froewis,G"]
[Result "1-0"]
[WhiteElo "2618"]
[BlackElo "2407"]

1.d4 d5 2.c4 c6 3.Nf3 Nf6 4.Nc3 e6 5.e3 Nbd7 6.Qc2 Bd6 7.Bd3 O-O 8.O-O dxc4
9.Bxc4 a6 10.Rd1 c5 11.dxc5 Bxc5 12.Bd3 Be7 13.e4 Qc7 14.Bg5 Ne5 15.Nd5 Nxd5
16.Qxc7 Nxc7 17.Bxe7 Re8 18.Nxe5 Rxe7 19.Rac1 Ne8 20.Nc4 Bd7 21.Nb6 Rb8 22.e5 Bc6
23.Bxa6 Bxg2 24.Nc8 Rxc8 25.Rxc8 Bc6 26.Bc4 f6 27.f4 Kf7 28.f5 fxe5 29.fxe6+ Kg6
30.b4 Bf3 31.Rd7 Kf6 32.Rxe8  1-0

[Event "13th EICC"]
[Site "Plovdiv BUL"]
[Date "2012.03.27"]
[Round "7.28"]
[White "Esen,B"]
[Black "Saric,Iv"]
[Result "1/2-1/2"]
[WhiteElo "2555"]
[BlackElo "2649"]

1.d4 d5 2.Nf3 Nf6 3.c4 c6 4.Nc3 e6 5.e3 Nbd7 6.Bd3 dxc4 7.Bxc4 b5 8.Bd3 a6
9.e4 c5 10.e5 cxd4 11.Nxb5 axb5 12.exf6 gxf6 13.O-O Qb6 14.Qe2 Bb7 15.Bxb5 Rg8
16.Bf4 Bd6 17.Bg3 f5 18.Rfc1 f4 19.Bh4 Be7 20.a4 Qd6 21.Ra3 Bxh4 22.Nxh4 Kf8
23.Re1 Nf6 24.Nf3 Ne4 25.Rd1 e5 26.Qe1 Rc8 27.a5 Ba8 28.Bf1 Ng5 29.Nxg5 Rxg5
30.f3 Rc2 31.b4 Kg7 32.a6 Rb2 33.Rb1 Rc2 34.Rd1 Rb2 35.Rb1 Rc2  1/2-1/2

[Event "13th EICC"]
[Site "Plovdiv BUL"]
[Date "2012.03.27"]
[Round "7.84"]
[White "Enchev,I"]
[Black "Buhmann,R"]
[Result "0-1"]
[WhiteElo "2432"]
[BlackElo "2614"]

1.d4 d5 2.c4 c6 3.Nc3 Nf6 4.Nf3 e6 5.e3 a6 6.b3 Bb4 7.Bd2 O-O 8.Bd3 Nbd7
9.O-O Qe7 10.Ne5 Nxe5 11.dxe5 Nd7 12.f4 g6 13.Ne2 Bxd2 14.Qxd2 f6 15.exf6 Nxf6
16.Nc3 Bd7 17.Rae1 Rad8 18.cxd5 exd5 19.e4 dxe4 20.Bxe4 Qc5+ 21.Qe3 Nxe4
22.Nxe4 Qxe3+ 23.Rxe3 Bf5 24.Nc5 Rf7 25.Rfe1 Kf8 26.g3 a5 27.Ne6+ Bxe6 28.Rxe6 Rd2
29.Re8+ Kg7 30.R1e2 Rd4 31.R2e4 Rd1+ 32.Kf2 g5 33.Kf3 Ra1 34.a4 Rb1 35.Kg4 gxf4
36.Rxf4 Rxb3 37.Ra8 b6 38.Rc8 c5 39.Rxf7+ Kxf7 40.Rc7+ Ke6 41.Rxh7 c4 42.Rc7 Kd6
43.Rc8 Kd7 44.Rf8 b5 45.axb5 c3 46.Rf1 a4 47.h4 a3 48.h5 c2 49.h6 Rb4+ 50.Kf5 Rb1  0-1

[Event "13th EICC"]
[Site "Plovdiv BUL"]
[Date "2012.03.27"]
[Round "7.66"]
[White "Aleksandrov,A"]
[Black "Godena,M"]
[Result "1-0"]
[WhiteElo "2604"]
[BlackElo "2508"]

1.d4 d5 2.c4 c6 3.Nf3 Nf6 4.e3 e6 5.Nc3 a6 6.a3 Nbd7 7.Qc2 dxc4 8.Bxc4 b5
9.Ba2 c5 10.d5 exd5 11.Nxd5 Bb7 12.e4 Bxd5 13.exd5 Bd6 14.O-O O-O 15.Bg5 h6
16.Bh4 Re8 17.Rad1 Qc7 18.Bb1 g6 19.a4 Ng4 20.h3 Nge5 21.Nxe5 Nxe5 22.Qc1 Nc4
23.Qxh6 Bf4 24.Bg3 Bxh6 25.Bxc7 Nxb2 26.d6 Rad8 27.d7 Rf8 28.axb5 axb5 29.Rd5 c4
30.Re1 Kg7 31.Bxd8 Rxd8 32.Re8 Bg5 33.Rxd8 Bxd8  1-0

[Event "13th EICC"]
[Site "Plovdiv BUL"]
[Date "2012.03.28"]
[Round "8.118"]
[White "Filip,L"]
[Black "Schiendorfer,E"]
[Result "1/2-1/2"]
[WhiteElo "2483"]
[BlackElo "2349"]

1.Nf3 d5 2.d4 Nf6 3.c4 c6 4.Nc3 e6 5.e3 Nbd7 6.Qc2 Bd6 7.Bd3 O-O 8.O-O dxc4
9.Bxc4 b5 10.Be2 Bb7 11.Rd1 Qc7 12.e4 e5 13.Bg5 exd4 14.Rxd4 Ne5 15.h3 Nxf3+
16.Bxf3 Be5 17.Rd2 Rad8 18.Bxf6 gxf6 19.Rad1 Bc8 20.Bg4 Bxg4 21.hxg4 Qc8
22.a4 a6 23.axb5 axb5 24.Rxd8 Rxd8 25.Rxd8+ Qxd8 26.Nd1 Qd4 27.Kf1 c5 28.b3 c4
29.bxc4 bxc4 30.Ke2 c3 31.Ne3 Qb6 32.Qa4 Qd8 33.Qd1 Qc8 34.Kf3 Kf8 35.g3 Ke8
36.Qa4+ Kf8 37.Qd1 Ke8 38.Qa4+ Kf8 39.Qd1 Ke8  1/2-1/2

[Event "ch-Urals Men 2012"]
[Site "Satka RUS"]
[Date "2012.03.28"]
[Round "5"]
[White "Kaliev,Konstantin"]
[Black "Enderov,Vladimir"]
[Result "0-1"]
[WhiteElo "1962"]
[BlackElo "1933"]

1.d4 d5 2.Nf3 Nf6 3.c4 c6 4.Nc3 e6 5.e3 dxc4 6.Bxc4 b5 7.Be2 a5 8.O-O Be7
9.Qc2 O-O 10.Rd1 Na6 11.a3 Qb6 12.e4 Nc7 13.h3 Ba6 14.e5 Nfd5 15.Bd3 g6 16.Bh6 Rfc8
17.Ne4 b4 18.Nfg5 Ne8 19.Qe2 Ng7 20.Bxg7 Kxg7 21.Qf3 Rf8 22.Nf6 Bxf6 23.exf6+ Nxf6
24.Be4 Rac8 25.Rac1 h6 26.Nxe6+ fxe6 27.Bb1 Nd5 28.Qg4 Rf6 29.Re1 Re8 30.h4 h5
31.Qe4 Bb7 32.Rc5 bxa3 33.bxa3 Qb2 34.Re2 Qxa3 35.Ra2 Qb4 36.Raxa5 Nc3 37.Rxc3 Qxc3
38.Rg5 Qc1+  0-1

[Event "28th Budapest Spring Festival"]
[Site "Budapest HUN"]
[Date "2012.03.29"]
[Round "4.6"]
[White "Kantor,G"]
[Black "Peczely,S"]
[Result "1-0"]
[WhiteElo "2316"]
[BlackElo "2063"]

1.d4 d5 2.c4 c6 3.Nf3 Nf6 4.Nc3 e6 5.e3 Nbd7 6.Qc2 Bd6 7.Bd3 b6 8.O-O Bb7
9.e4 dxe4 10.Nxe4 Nxe4 11.Bxe4 Qc7 12.Re1 h6 13.Bd2 O-O 14.b4 Nf6 15.c5 Be7
16.Ne5 Rfd8 17.Bf4 Nd5 18.Bh7+ Kf8 19.Ng6+ fxg6 20.Bxc7 Nxc7 21.Qe4 Bf6 22.Rad1 Nb5
23.Qxe6 Bc8 24.Qg8+  1-0

[Event "ch-SRB Women 2012"]
[Site "Kac SRB"]
[Date "2012.03.29"]
[Round "8"]
[White "Rakic,Ma"]
[Black "Eric,J"]
[Result "1/2-1/2"]
[WhiteElo "2270"]
[BlackElo "2243"]

1.d4 d5 2.c4 e6 3.Nc3 c6 4.e3 Nf6 5.Nf3 Nbd7 6.Be2 Bd6 7.O-O dxc4 8.Bxc4 b5
9.Bd3 Bb7 10.e4 e5 11.d5 cxd5 12.Nxb5 Be7 13.exd5 Bxd5 14.Nc3 Bb7 15.Re1 O-O
16.Bg5 h6 17.Bh4 Qa5 18.Bg3 Bxf3 19.Qxf3 Rad8 20.Bf5 Rfe8 21.Bh4 Qb4 22.Bxf6 Nxf6
23.Rxe5 Qxb2 24.Rb1 Qa3 25.Re3 Bc5 26.Rd3 Rxd3 27.Qxd3 Bb4 28.Nd5 Nxd5 29.Qxd5 Qc3
30.g3 a5 31.Kg2 Qf6 32.Rd1 g6 33.Be4  1/2-1/2

[Event "13th EICC"]
[Site "Plovdiv BUL"]
[Date "2012.03.29"]
[Round "9.32"]
[White "Cheparinov,I"]
[Black "Papin,V"]
[Result "1-0"]
[WhiteElo "2664"]
[BlackElo "2575"]

1.d4 d5 2.c4 c6 3.Nc3 e6 4.e3 Nf6 5.Nf3 Nbd7 6.Bd3 dxc4 7.Bxc4 b5 8.Bd3 Bd6
9.O-O O-O 10.Qc2 Bb7 11.e4 e5 12.h3 Re8 13.dxe5 Nxe5 14.Nxe5 Bxe5 15.Be3 Bd4
16.Bxd4 Qxd4 17.Rad1 Qc5 18.Nd5 Qxc2 19.Nxf6+ gxf6 20.Bxc2 c5 21.f3 c4 22.Rd6 Kg7
23.Rfd1 Bc8 24.Kf2 a5 25.Rb6 b4 26.Ba4 Rf8 27.f4 f5 28.Bc2 fxe4 29.Bxe4 Ra6
30.Rxa6 Bxa6 31.Rd6 Re8 32.Bf3 Rc8 33.Rxa6 c3 34.Be4 c2 35.Bxc2 Rxc2+ 36.Kf3 Rxb2
37.Rxa5 b3 38.Rg5+ Kh6 39.axb3 Rxb3+ 40.Kg4 Rb2 41.g3 Rb8 42.h4 Ra8 43.Rb5 Kg7
44.Kh5 h6 45.g4 Ra4 46.f5 Ra6 47.Rb7 Ra5 48.Rb6  1-0

[Event "13th EICC"]
[Site "Plovdiv BUL"]
[Date "2012.03.30"]
[Round "10.13"]
[White "Vachier Lagrave,M"]
[Black "Smeets,J"]
[Result "1/2-1/2"]
[WhiteElo "2682"]
[BlackElo "2610"]

1.d4 d5 2.c4 c6 3.Nc3 Nf6 4.e3 e6 5.Nf3 Nbd7 6.Qc2 Bd6 7.Bd3 O-O 8.O-O dxc4
9.Bxc4 b5 10.Bd3 Bb7 11.e4 e5 12.h3 a6 13.dxe5 Nxe5 14.Nxe5 Bxe5 15.Be3 Re8
16.Rfd1 Qc7 17.a4 Bh2+ 18.Kh1 Bf4 19.Bxf4 Qxf4 20.f3 Qe3 21.Qd2 Qxd2 22.Rxd2 Rad8
23.Rad1 Kf8 24.Kg1 Ke7 25.e5 Nd7 26.f4 Nc5 27.Bxh7 Rxd2 28.Rxd2 g6 29.f5 gxf5
30.Bxf5 Kf8 31.g4 Rxe5 32.h4 b4 33.Ne2 Rd5 34.Rc2 Nxa4 35.h5 Rc5 36.Rd2 Rd5
37.Rc2 b3 38.Rc4 Nxb2 39.Rc3 Rb5 40.Nd4 Rb4 41.Nxb3 Nc4 42.Nc5 Nd6 43.Bd7 Bc8
44.Rd3 Bxd7 45.Nxd7+ Ke7 46.Ne5 Ke6 47.Re3 Re4 48.Rxe4 Nxe4 49.Nxc6 Nf6 50.h6 Nh7
51.Kf2 Kf6 52.Ke3 Kg5 53.Kd4 f6 54.Nb4 Kxh6 55.Nxa6 Kg5 56.Nc7 Kxg4 57.Ke4  1/2-1/2